000 00628nam a2200181Ia 4500
003 GCL
008 140319s9999 xx 000 0 ara d
040 _aGCL /
_cGCL
082 0 4 _a370.193
_bم ن
100 1 _aمواهب ابراهيم عياد
245 1 0 _aالنشاط التعبيرى لطفل ما قبل المدرسة /
_cمواهب ابراهيم عياد
300 _a291 ص
490 _aالهيئة العامة للاستعلامات
_v0
650 0 4 _aالاجتماع التربوى - علم
650 0 4 _aالاجتماع، علم
650 0 4 _aالاجتماع التطبيقى، علم
942 _2ddc
_cBK
999 _c47687
_d47687